01010cam a2200241 a 4500001000500000005001700005020001800022040002300040050002100063082001000084100002400094245003500118260004000153300005600193490001000249490001000259500002000269505000800289520039700297521002000694521002000714650003400734311320240521155221.0 a9781432957940 aDLCcDLCdDLCbeng00aQB602.G85b 200900a523.41 aGuillain, Charlotte10aPlanets /cCharlotte Guillain. aChicago :bHeinemann Library,c2009 a24 pages :bcolor illustrations ;c18 ×​21 cm . 0 aSpace0 aAcorn aIncludes index.0 aF  aRead this book to find out about the planets in our Solar System. Books in this series introduce children to outer space. Each book uses simple, repetitive text to teach children basic vocabulary, and includes stunning photographs and artwork to show the main features of our Solar System. In Planets, children learn what planets are made of, how planets orbit the Sun, and our planet, Earth. a360 bLexile  aF bRaz-Plus  0aPlanetsvJuvenile literature.